Advanced accounts (Record no. 340)

MARC details
000 -LEADER
fixed length control field 00509cac a22001691u 4500
008 - FIXED-LENGTH DATA ELEMENTS--GENERAL INFORMATION
fixed length control field 081218s1966 ii |||||r|||| 00| 0 eng d
010 ## - LIBRARY OF CONGRESS CONTROL NUMBER
LC control number sa 67000507
020 ## - INTERNATIONAL STANDARD BOOK NUMBER
International Standard Book Number 8121911001
082 00 - DEWEY DECIMAL CLASSIFICATION NUMBER
Classification number 657
Item number SHU
Edition number 22
100 ## - MAIN ENTRY--PERSONAL NAME
Personal name Shukla, M. C.
9 (RLIN) 33343
245 10 - TITLE STATEMENT
Title Advanced accounts
Statement of responsibility, etc by M. C. Shukla and T. S. Grewal.
250 ## - EDITION STATEMENT
Edition statement 5th rev. and enl. ed.
260 ## - PUBLICATION, DISTRIBUTION, ETC. (IMPRINT)
Place of publication, distribution, etc Delhi :
Name of publisher, distributor, etc S. Chand,
Date of publication, distribution, etc 1966.
300 ## - PHYSICAL DESCRIPTION
Extent vii, 688, 549 p.:
Other physical details forms;
Dimensions 25 cm.
650 #0 - SUBJECT ADDED ENTRY--TOPICAL TERM
Topical term or geographic name as entry element Accounting.
9 (RLIN) 33344
942 ## - ADDED ENTRY ELEMENTS (KOHA)
Item type Book - Borrowing
Call number prefix 657SHU
Source of classification or shelving scheme Dewey Decimal Classification
Holdings
Withdrawn status Item status Source of classification or shelving scheme Damaged status Not for loan Home library Current library Shelving location Date acquired Source of acquisition Total Checkouts Full call number Barcode Date last seen Koha item type
    Dewey Decimal Classification     Central Library Central Library First floor 07/03/2006 Purchase   657 SHU 000003850 15/07/2025 Book - Borrowing